Suomen yrityksiä joilla on suurin liikevaihto - Statistics

Yleistilastot
  • Tätä visaa on pelattu 196 kertaa
  • Keskiarvotulos 20 / 50
Vastaustilastot
Liikevaihto Yritys % Oikein
10,9 mrd Kone
86%
11,8 mrd Kesko
84%
24,9 mrd Nokia
83%
8,4 mrd SOK
79%
25,7 mrd Neste
65%
11,7 mrd UPM-Kymmene
64%
14,0 mrd Nordea
60%
2,4 mrd Finnair
57%
1,9 mrd Lidl Suomi
57%
7,0 mrd Metsä Group
54%
11,7 mrd Stora Enso
52%
4,6 mrd OP Ryhmä
51%
5,8 mrd Wärtsilä
49%
5,3 mrd Metso
48%
2,2 mrd Valio
47%
1,7 mrd Atria
45%
8,8 mrd Fortum
45%
9,5 mrd Outokumpu
44%
5,1 mrd Valmet
42%
10,0 mrd Sampo
41%
10,5 mrd St1 Nordic
41%
2,1 mrd Elisa
40%
1,7 mrd Posti Group
39%
2,4 mrd YIT
38%
1,8 mrd Supercell
37%
1,8 mrd HKScan
36%
3,4 mrd Konecranes
36%
2,4 mrd Teboil
35%
2,4 mrd ABB
34%
1,8 mrd Helen
32%
4,1 mrd Cargotec
31%
2,4 mrd HOK-Elanto
30%
1,6 mrd Mehiläinen
30%
2,4 mrd Caverion
29%
4,5 mrd Huhtamäki
27%
3,6 mrd Kemira
27%
1,7 mrd Veho
27%
1,6 mrd Lähitapiola-Ryhmä
25%
1,8 mrd Nokian Renkaat
25%
1,5 mrd Oriola
25%
1,4 mrd Sandvik Mining and Construction
19%
1,6 mrd Tamro
19%
3,3 mrd Ahlstrom Holding
16%
2,7 mrd Gasum
15%
2,2 mrd Norilsk Nickel Harjavalta
15%
9,1 mrd North European Oil Trade
15%
2,9 mrd TietoEVRY
14%
1,8 mrd Fingrid
13%
1,7 mrd Yara Suomi
13%
2,5 mrd Wihuri International
11%
Ehtoja vastaavia visoja ei löytynyt
Tulosjakauma
Jokaisen tuloksen saaneiden osuus
Persentiili vastausten määrän mukaan
Tuloshistoriasi
Et ole pelannut tätä visaa